000 00351 a2200157 4500
001 72067
020 _a
040 _cAnchieta - Colégio São Paulo
100 _aMacário, Pedro
240 1 0 _aA árvore da alegria
_lpor
245 1 0 _aA árvore da alegria
300 _a17
362 0 _a1988
650 4 _aLiteratura infanto-juvenil
942 _cBK
999 _c72067
_d72067